<?xml version="1.0" encoding="UTF-8"?>
<record
    xmlns:xsi="http://www.w3.org/2001/XMLSchema-instance"
    xsi:schemaLocation="http://www.loc.gov/MARC21/slim http://www.loc.gov/standards/marcxml/schema/MARC21slim.xsd"
    xmlns="http://www.loc.gov/MARC21/slim">

  <leader>01792nam a22002777a 4500</leader>
  <datafield tag="999" ind1=" " ind2=" ">
    <subfield code="c">22109</subfield>
    <subfield code="d">22109</subfield>
  </datafield>
  <controlfield tag="003">AR-CdUCM</controlfield>
  <controlfield tag="008">190425b           ||||| |||| 00| 0 spa d</controlfield>
  <datafield tag="040" ind1=" " ind2=" ">
    <subfield code="a">MUNICIPALIDAD PROVINCIAL DEL CUSCO</subfield>
    <subfield code="c">BIBLIOTECA MUNICIPAL DEL CUSCO</subfield>
  </datafield>
  <datafield tag="082" ind1=" " ind2=" ">
    <subfield code="a">Sieteculebras/N&#xB0;16/2002</subfield>
  </datafield>
  <datafield tag="245" ind1=" " ind2=" ">
    <subfield code="a">Siete culebras :</subfield>
    <subfield code="b">Revista de cultura andina /</subfield>
    <subfield code="c">Mario Guevara Paredes, Director</subfield>
  </datafield>
  <datafield tag="260" ind1=" " ind2=" ">
    <subfield code="a">Cusco :</subfield>
    <subfield code="b">Sieteculebras,</subfield>
    <subfield code="c">2002.</subfield>
  </datafield>
  <datafield tag="300" ind1=" " ind2=" ">
    <subfield code="a">81 p&#xE1;ginas. :</subfield>
    <subfield code="b">ilustraciones ;</subfield>
    <subfield code="c">30 cm.</subfield>
  </datafield>
  <datafield tag="440" ind1=" " ind2=" ">
    <subfield code="a">Revista Siete Culebras.</subfield>
    <subfield code="n">diciembre, enero 2002, N&#xB0;16</subfield>
    <subfield code="9">47459</subfield>
  </datafield>
  <datafield tag="505" ind1=" " ind2=" ">
    <subfield code="a">Contenido: La narrativa andina. Juan Alberto Osorio. -- El arpa peruana generalidades. Claude Ferrier. -- Poes&#xED;a. Carlos Vel&#xE1;squez Iwaki. -- Utop&#xED;a globalizaci&#xF3;n y po&#xE9;tica en la literatura femenina del nuevo milenio, Maria Regla Villa. -- La personalidad po&#xE9;tica de C&#xE9;sar Vallejo. Clary Loisel. -- Cuente. Miguel Ildefonso. -- Poes&#xED;a. Paola Paula. -- El fuego nocturno del Sur. Alejandro Alonso. -- Aporte etnobiofilosofico sobre el escarabajo blanco. Ricardo Torres. -- El humos como resorte narrativo en Bryce Echenique. Mario Pantoja. -- Una sala funeraria en Sacsayhuaman. M&#xF3;nica Paredes Garc&#xED;a. -- Poes&#xED;a. Ana Bertha Vizcarra. -- Entrevista con Mario Curasi. Luis Nieto. -- Recuperaci&#xF3;n del Centro Hist&#xF3;rico del Cusco una necesidad impostergable. Jos&#xE9; Carlos Guti&#xE9;rrez Samanez.  ...</subfield>
  </datafield>
  <datafield tag="650" ind1=" " ind2=" ">
    <subfield code="a">Literatura cusque&#xF1;a</subfield>
    <subfield code="9">47453</subfield>
  </datafield>
  <datafield tag="650" ind1=" " ind2=" ">
    <subfield code="a">Narradores cusque&#xF1;os</subfield>
    <subfield code="9">31142</subfield>
  </datafield>
  <datafield tag="650" ind1=" " ind2=" ">
    <subfield code="a">Literatos cusque&#xF1;os</subfield>
    <subfield code="9">44145</subfield>
  </datafield>
  <datafield tag="650" ind1=" " ind2=" ">
    <subfield code="a">Arqueolog&#xED;a cusque&#xF1;a</subfield>
    <subfield code="9">9322</subfield>
  </datafield>
  <datafield tag="650" ind1=" " ind2=" ">
    <subfield code="a">Poes&#xED;a</subfield>
    <subfield code="9">47456</subfield>
  </datafield>
  <datafield tag="700" ind1=" " ind2=" ">
    <subfield code="a">Guevara Paredes, Mario</subfield>
    <subfield code="9">6574</subfield>
  </datafield>
  <datafield tag="700" ind1=" " ind2=" ">
    <subfield code="a">Vizcarra, Ana Bertha</subfield>
    <subfield code="9">47457</subfield>
  </datafield>
  <datafield tag="700" ind1=" " ind2=" ">
    <subfield code="a">Paredes Garc&#xED;a, M&#xF3;nica</subfield>
    <subfield code="9">8651</subfield>
  </datafield>
  <datafield tag="700" ind1=" " ind2=" ">
    <subfield code="a">Guti&#xE9;rrez Samanez, Jos&#xE9; Carlos</subfield>
    <subfield code="9">46831</subfield>
  </datafield>
  <datafield tag="942" ind1=" " ind2=" ">
    <subfield code="2">ddc</subfield>
    <subfield code="c">PP</subfield>
  </datafield>
  <datafield tag="945" ind1=" " ind2=" ">
    <subfield code="a">rac</subfield>
  </datafield>
  <datafield tag="952" ind1=" " ind2=" ">
    <subfield code="0">0</subfield>
    <subfield code="2">ddc</subfield>
    <subfield code="4">0</subfield>
    <subfield code="7">0</subfield>
    <subfield code="a">HEM</subfield>
    <subfield code="b">HEM</subfield>
    <subfield code="c">CART</subfield>
    <subfield code="d">2022-03-07</subfield>
    <subfield code="g">5.00</subfield>
    <subfield code="o">Sieteculebras/N&#xB0;16/2002</subfield>
    <subfield code="p">REVC000814</subfield>
    <subfield code="r">2022-03-07</subfield>
    <subfield code="y">PP</subfield>
  </datafield>
</record>
